|
|
|
|
| LEADER |
00585cam a2200181 7i4500 |
| 001 |
0000027150 |
| 005 |
20111101090000.0 |
| 020 |
0 |
0 |
|a 9679785912
|
| 090 |
0 |
0 |
|a B 354.595006
|b AHM
|
| 100 |
1 |
0 |
|a Ahmad Sarji bin Abdul Hamid
|
| 245 |
1 |
4 |
|a The Chief secretary to the government, Malaysia.
|
| 260 |
0 |
0 |
|a Petaling Jaya:
|b Pelanduk Publications,
|c 1996.
|
| 300 |
# |
# |
|a 424 p.
|
| 650 |
0 |
0 |
|a Civil service --
|z Malaysia
|
| 650 |
0 |
0 |
|a Government executives --
|z Malaysia
|
| 650 |
0 |
0 |
|a Malaysia --
|x Officials and employees
|
| 651 |
0 |
0 |
|a Malaysia
|
| 999 |
|
|
|a 0000029536
|b Book
|c Book
|e Business Information Centre
|